| 000 | 00552nam a22001457a 4500 | ||
|---|---|---|---|
| 008 | 230612b |||||||| |||| 00| 0 eng d | ||
| 040 |
_aNational Science Library _cNational Science Library |
||
| 080 |
_aR 63(084.4) _bK9.2 |
||
| 245 |
_aWorld atlas of agriculture _c/ International Association of Agricultural Economists |
||
| 260 |
_aNovara: _bCommittee for the World Atlas of Agriculture, _c1973 |
||
| 500 | _aVol. 2 (Asia and Oceania; xi, 671p.) Vol. 3 (Americas; viii, 497p.) | ||
| 650 | _aAgriculture | ||
| 653 | _aAtlas | ||
| 942 |
_2udc _cREF |
||
| 999 |
_c42397 _d42397 |
||